000 00580nam a22002057a 4500
003 BD-DhUL
005 20181128151743.0
008 181128s2006 ii ||||| |||| 00| 0 eng d
040 _aBD-DhUL
_cBD-DhUL
082 _a297.1228
_bCHS
100 0 1 _aChowdhury, Ashraf
245 0 1 _aScience behind Koran, Bible and Gita /
_cAshraf Chowdhury
250 _a1st
260 _aNidia
_bWayesh karani and Omar Pharuk,
_c2006.
300 _a[2] 53 p. ;
_c 21 cm
650 0 _aKoran and Science
650 0 _aBible and science
650 0 _aBhagavadgita and science
942 _2ddc
_cBK
999 _c244860
_d244860